[Event "Peter Stuart Memorial Open"]
[Site "Auckland NZL"]
[Date "2018.08.25"]
[Round "2"]
[White "Steadman, Michael V R"]
[Black "Wright, Caleb"]
[Result "1-0"]
[WhiteElo "2233"]
[BlackElo "1878"]
[PlyCount "61"]
[EventDate "2018.08.25"]

1. e4 c5 2. Nf3 d6 3. c3 Nf6 4. d3 g6 5. Be2 Bg7 6. Nbd2 Qc7 7. Rb1 Nbd7 8. b4
b6 9. O-O Bb7 10. Re1 O-O 11. Bf1 e5 12. Bb2 Rfe8 13. Qb3 d5 14. a3 Rac8 15.
Rbc1 Qb8 16. h3 Rcd8 17. a4 cxb4 18. cxb4 Rc8 19. Rxc8 Qxc8 20. exd5 Nxd5 21.
Nc4 Qb8 22. d4 exd4 23. Rxe8+ Qxe8 24. Nd6 Qb8 25. Nxb7 Qxb7 26. Bc4 N7f6 27.
Bxd4 Nf4 28. Qe3 N6d5 29. Qe8+ Bf8 30. Qe5 f6 31. Qxf4 1-0

[Event "Peter Stuart Memorial Open"]
[Site "Auckland NZL"]
[Date "2018.08.25"]
[Round "2"]
[White "Runcan, Daniel-Ioan"]
[Black "McLaren, Leonard J"]
[Result "1/2-1/2"]
[WhiteElo "1943"]
[BlackElo "2218"]
[PlyCount "140"]
[EventDate "2018.08.25"]

1. e4 c5 2. Nc3 a6 3. g3 b5 4. Bg2 Bb7 5. d3 e6 6. Nh3 b4 7. Ne2 d5 8. O-O Nf6
9. e5 Nfd7 10. f4 g6 11. Nf2 Nc6 12. h3 h5 13. c3 Qb6 14. c4 Ne7 15. a3 Nf5 16.
Kh2 O-O-O 17. cxd5 exd5 18. Qb3 Bg7 19. axb4 cxb4 20. Bd2 a5 21. Bxd5 Bxd5 22.
Qxd5 Nxe5 23. Qa8+ Kd7 24. Qe4 Nc6 25. Qc4 Nd6 26. Qb3 Rhe8 27. Ne4 f5 28. N4c3
Qc5 29. d4 Qc4 30. Qd1 bxc3 31. Nxc3 Qxd4 32. Ra4 Qc5 33. Be1 Bxc3 34. Bxc3 Kc8
35. Qd3 Qb5 36. Qxb5 Nxb5 37. Bxa5 Re2+ 38. Kg1 Nxa5 39. Rxa5 Rxb2 40. Ra8+ Kd7
41. Rd1+ Nd6 42. Rxd8+ Kxd8 43. Rxd6+ Ke7 44. Rxg6 Rb1+ 45. Kg2 Rb2+ 46. Kf3
Rb3+ 47. Kf2 Rb2+ 48. Ke3 Rb3+ 49. Kd4 h4 50. gxh4 Rxh3 51. Ke5 Rxh4 52. Kxf5
Rh5+ 53. Rg5 Rh6 54. Rg7+ Kf8 55. Rb7 Ra6 56. Kg5 Rc6 57. f5 Ra6 58. Kf4 Rc6
59. Rh7 Ra6 60. Kg5 Rb6 61. Rh8+ Kf7 62. Rc8 Ra6 63. Rc7+ Kf8 64. f6 Ra1 65.
Rc5 Rg1+ 66. Kf5 Rf1+ 67. Ke6 Re1+ 68. Re5 Rxe5+ 69. Kxe5 Kf7 70. Kf5 Kf8
1/2-1/2

[Event "Peter Stuart Memorial Open"]
[Site "Auckland NZL"]
[Date "2018.08.25"]
[Round "2"]
[White "Aguilar, Juni"]
[Black "Hart, Ralph"]
[Result "0-1"]
[WhiteElo "1842"]
[BlackElo "2176"]
[PlyCount "64"]
[EventDate "2018.08.25"]

1. Nf3 Nf6 2. d4 e6 3. e3 c5 4. Bd3 b6 5. O-O Bb7 6. Nbd2 Nc6 7. a3 Qc7 8. b3
Be7 9. Bb2 d5 10. Rc1 O-O 11. Ne5 Nxe5 12. dxe5 Nd7 13. f4 g6 14. Qg4 Rfe8 15.
Rf3 c4 16. bxc4 dxc4 17. Bxc4 Bxf3 18. gxf3 Bc5 19. Kf2 b5 20. Bd3 Be7 21. h4
Nc5 22. Be2 Red8 23. Bd4 h5 24. Qh3 Qa5 25. Nf1 Rac8 26. Rb1 Qxa3 27. Ng3 Qa4
28. c3 Qc2 29. Rg1 Nd3+ 30. Kg2 b4 31. cxb4 Rxd4 32. exd4 Nxf4+ 0-1

[Event "Peter Stuart Memorial Open"]
[Site "Auckland NZL"]
[Date "2018.08.25"]
[Round "2"]
[White "Qin, Nicole Shu Yu"]
[Black "Capel, Evan T"]
[Result "0-1"]
[WhiteElo "1696"]
[BlackElo "2135"]
[PlyCount "84"]
[EventDate "2018.08.25"]

1. d4 Nf6 2. c4 c5 3. d5 b5 4. e3 bxc4 5. Bxc4 Ba6 6. Nd2 Qa5 7. Qc2 d6 8. Ngf3
g6 9. O-O Bg7 10. e4 O-O 11. Re1 Nbd7 12. Nb3 Qa4 13. Bxa6 Qxa6 14. Bd2 Ng4 15.
h3 Nge5 16. Nxe5 Bxe5 17. f4 Bg7 18. Bc3 Qa4 19. Bxg7 Kxg7 20. Qc3+ Kg8 21. Re3
Rab8 22. a3 Rb5 23. Nd2 Qd4 24. Nc4 Qxc3 25. Rxc3 Nb6 26. Nxb6 Rxb6 27. Ra2
Rfb8 28. Rc2 Rb3 29. Kf2 Rd3 30. Ra1 Rdb3 31. Ra2 Rd3 32. Ra1 f5 33. Re1 fxe4
34. Rxe4 Kf7 35. Rce2 Rb7 36. Rc4 Rxd5 37. g3 Rd3 38. Rce4 Rdb3 39. R4e3 h5 40.
Rxb3 Rxb3 41. Rd2 h4 42. gxh4 Rxh3 0-1

[Event "Peter Stuart Memorial Open"]
[Site "Auckland NZL"]
[Date "2018.08.25"]
[Round "2"]
[White "Jin, Owen"]
[Black "Browne, Jeremy A"]
[Result "0-1"]
[WhiteElo "1608"]
[BlackElo "2086"]
[PlyCount "88"]
[EventDate "2018.08.25"]

1. c4 e5 2. g3 f5 3. Bg2 Nf6 4. Nc3 c6 5. d4 e4 6. f3 d5 7. cxd5 cxd5 8. Qb3
Nc6 9. fxe4 dxe4 10. e3 Nb4 11. Bf1 Qb6 12. Bc4 Bd7 13. Nh3 Rc8 14. Nf4 Rxc4
15. Qxc4 Nc2+ 16. Kd2 Nxa1 17. b3 Bb4 18. Bb2 g5 19. Nfd5 Nxd5 20. Qxd5 Be6 21.
Qe5 Nxb3+ 22. axb3 O-O 23. d5 Bd7 24. Ke2 Bd6 25. Qd4 Qxd4 26. exd4 h5 27. Bc1
Rc8 28. Bd2 Kg7 29. Rf1 Rxc3 30. Bxc3 Bb5+ 31. Kf2 Bxf1 32. Kxf1 f4 33. Kf2 Kg6
34. Kg2 Kf5 35. Be1 Kg4 36. h3+ Kf5 37. Bf2 e3 38. Be1 Ke4 39. gxf4 gxf4 40.
Bc3 f3+ 41. Kf1 Bg3 42. d6 e2+ 43. Kg1 f2+ 44. Kh1 f1=Q# 0-1

[Event "Peter Stuart Memorial Open"]
[Site "Auckland NZL"]
[Date "2018.08.25"]
[Round "2"]
[White "Nagorski, Alex"]
[Black "Hague, Ben"]
[Result "1/2-1/2"]
[WhiteElo "1819"]
[BlackElo "2404"]
[PlyCount "118"]
[EventDate "2018.08.25"]

1. Nf3 d5 2. d4 Nf6 3. c4 e6 4. Bg5 Be7 5. Nc3 Nbd7 6. e3 h6 7. Bh4 O-O 8. Rc1
c6 9. Bd3 dxc4 10. Bxc4 b5 11. Bd3 Bb7 12. O-O Rc8 13. Qe2 a6 14. Rfd1 Qa5 15.
Bb1 c5 16. Ne5 Rfd8 17. Nxd7 Rxd7 18. dxc5 Rxd1+ 19. Rxd1 Rxc5 20. Qd3 g5 21.
Bg3 b4 22. Ne2 Be4 23. Qb3 Bd5 24. Qd3 Bxa2 25. Nd4 Bxb1 26. Qxb1 Qb6 27. Rc1
Ne4 28. Nb3 Rxc1+ 29. Qxc1 Nxg3 30. hxg3 Bf6 31. Qc5 Qxc5 32. Nxc5 Bxb2 33.
Nxa6 Bc3 34. Nc5 Kf8 35. Kf1 Ke7 36. Ke2 f5 37. Na4 Bg7 38. Kd3 b3 39. Nc5 b2
40. Kc2 Kd6 41. Nd3 Kd5 42. Nxb2 Bxb2 43. Kxb2 Kc4 44. Kc2 {(=)} g4 45. Kd2 e5
46. Kc2 Kc5 47. Kc3 Kd5 48. Kd3 h5 49. e4+ fxe4+ 50. Ke3 Kd6 51. Kxe4 Ke6 52.
f3 gxf3 53. gxf3 Kf6 54. f4 exf4 55. Kxf4 Kg6 56. Kf3 Kf5 57. Kg2 Kg4 58. Kh2
h4 59. gxh4 Kxh4 1/2-1/2

[Event "Peter Stuart Memorial Open"]
[Site "Auckland NZL"]
[Date "2018.08.25"]
[Round "2"]
[White "Garbett, Paul A"]
[Black "Post, Martin J"]
[Result "1-0"]
[WhiteElo "2213"]
[BlackElo "1814"]
[PlyCount "127"]
[EventDate "2018.08.25"]

1. e4 c5 2. Nf3 g6 3. d4 cxd4 4. Qxd4 Nf6 5. e5 Nc6 6. Qa4 Nd5 7. Qe4 Nc7 8.
Bf4 Bg7 9. Nc3 O-O 10. O-O-O b6 11. h4 Bb7 12. h5 Ne6 13. hxg6 fxg6 14. Bc4 Qc8
15. Rxh7 Rf5 16. Bxe6+ dxe6 17. Ng5 Rxg5 18. Rxg7+ Kxg7 19. Bxg5 Qc7 20. Qh4
Qxe5 21. Rh1 Kf7 22. f4 Qg7 23. Rd1 Nd4 24. Qf2 Nc6 25. Rd7 Ba6 26. Ne4 Ke8 27.
Rc7 Rc8 28. Nd6+ Kd8 29. Rxc8+ Bxc8 30. Nxc8 Kxc8 31. Qe2 Qf7 32. Qc4 Kb7 33.
b4 Nd8 34. Qe4+ Kb8 35. Qe5+ Kb7 36. b5 Qe8 37. Qe4+ Kb8 38. Qe5+ Kb7 39. a4
Qd7 40. Qg7 Kc7 41. Bxe7 Nb7 42. Qc3+ Kb8 43. Bb4 Qc7 44. Qh8+ Qc8 45. Qxc8+
Kxc8 46. Kd2 Kd7 47. Ke3 Nd8 48. Ke4 Nf7 49. c4 Kc7 50. Bf8 Kb7 51. Kd4 Kc7 52.
c5 bxc5+ 53. Bxc5 Kb7 54. g4 Kb8 55. g5 Kb7 56. Kc4 e5 57. fxe5 Nxe5+ 58. Kd5
Nd7 59. Be3 a6 60. Ke6 axb5 61. Kxd7 bxa4 62. Bc5 Ka6 63. Ke6 Kb5 64. Bf8 1-0

[Event "Peter Stuart Memorial Open"]
[Site "Auckland NZL"]
[Date "2018.08.25"]
[Round "2"]
[White "Morrell, Gordon"]
[Black "Morris, Byron"]
[Result "1-0"]
[WhiteElo "2080"]
[BlackElo "1697"]
[PlyCount "67"]
[EventDate "2018.08.25"]

1. Nf3 g6 2. e4 Bg7 3. d4 d6 4. Bc4 Nf6 5. Qe2 d5 6. exd5 Nxd5 7. O-O c6 8. Re1
h6 9. c3 Be6 10. Ne5 g5 11. Bb3 Nd7 12. Ng6 Rg8 13. c4 Bf5 14. cxd5 Bxg6 15.
dxc6 bxc6 16. Be3 Nb6 17. Nc3 Qd6 18. Rad1 Kf8 19. d5 Bxc3 20. bxc3 c5 21. c4
Rc8 22. Bd2 Nd7 23. Bc3 Nf6 24. Be5 Qd8 25. d6 e6 26. d7 Ra8 27. Qe3 Kg7 28.
Qxc5 Bf5 29. Qd4 a5 30. Ba4 Kg6 31. c5 h5 32. Bxf6 Qxf6 33. Qxf6+ Kxf6 34. c6
1-0

[Event "Peter Stuart Memorial Open"]
[Site "Auckland NZL"]
[Date "2018.08.25"]
[Round "2"]
[White "Krstev, Antonio"]
[Black "Johns, Daniel P"]
[Result "1-0"]
[WhiteElo "1986"]
[BlackElo "1903"]
[PlyCount "101"]
[EventDate "2018.08.25"]

1. d4 Nf6 2. c4 e6 3. Nc3 d5 4. e3 c5 5. dxc5 Bxc5 6. cxd5 exd5 7. Nf3 O-O 8.
Be2 b6 9. O-O Bb7 10. a3 Ne4 11. Qb3 Nxc3 12. Qxc3 Nd7 13. b4 Be7 14. Bb2 Bf6
15. Qd2 Rc8 16. Rac1 Qe7 17. Rfd1 Bxb2 18. Qxb2 Nf6 19. Nd4 Qd7 20. Bd3 Ne4 21.
h3 Rxc1 22. Rxc1 Rc8 23. f3 Nd6 24. Qb1 h6 25. Kf2 Rc7 26. Rxc7 Qxc7 27. Qc2
Qxc2+ 28. Nxc2 Nc4 29. Bxc4 dxc4 30. b5 Kf8 31. e4 Bc8 32. Ke3 Bd7 33. a4 Ke7
34. Kd4 Be6 35. Nb4 Kd6 36. Nc6 Kc7 37. Nxa7 Bd7 38. Kxc4 Kb7 39. Nc6 Bxc6 40.
bxc6+ Kxc6 41. e5 h5 42. f4 g6 43. g4 hxg4 44. hxg4 Kc7 45. Kb5 Kb7 46. f5 gxf5
47. gxf5 Kc7 48. e6 fxe6 49. fxe6 Kd6 50. Kxb6 Kxe6 51. a5 1-0

[Event "Peter Stuart Memorial Open"]
[Site "Auckland NZL"]
[Date "2018.08.25"]
[Round "2"]
[White "Punsalan, Vyanla M"]
[Black "Mistry, Prashant"]
[Result "1-0"]
[WhiteElo "1914"]
[BlackElo "1929"]
[PlyCount "71"]
[EventDate "2018.08.25"]

1. e4 e5 2. Nf3 Nc6 3. c3 Nf6 4. Qc2 d6 5. d3 Be7 6. Be2 O-O 7. Nbd2 d5 8. O-O
a5 9. Rd1 Bc5 10. Nf1 dxe4 11. dxe4 Qe7 12. Be3 Ng4 13. Bxc5 Qxc5 14. Bd3 Be6
15. h3 Nf6 16. Ne3 b5 17. Nd5 Bxd5 18. exd5 Ne7 19. Re1 e4 20. Bxe4 Nexd5 21.
Bxd5 Nxd5 22. Qf5 Qd6 23. Rad1 c6 24. Rd4 g6 25. Qg5 Rae8 26. Red1 Qe7 27. Qh6
f6 28. Nh4 Qg7 29. Qc1 f5 30. c4 Nf6 31. Rd6 bxc4 32. Qxc4+ Kh8 33. Qxc6 Ne4
34. Rd7 Qxb2 35. Rxh7+ Kxh7 36. Rd7+ 1-0

[Event "Peter Stuart Memorial Open"]
[Site "Auckland NZL"]
[Date "2018.08.25"]
[Round "2"]
[White "Weng, Xintong (Winston)"]
[Black "Ang, Alphaeus Wei Ern"]
[Result "0-1"]
[WhiteElo "1621"]
[BlackElo "2151"]
[PlyCount "52"]
[EventDate "2018.08.25"]

1. c4 Nf6 2. Nc3 g6 3. g3 Bg7 4. Bg2 d6 5. e4 c5 6. Nge2 Nc6 7. O-O O-O 8. d3
Ne8 9. f4 Nc7 10. f5 Rb8 11. a4 Na6 12. g4 Nab4 13. Nf4 e6 14. fxg6 fxg6 15. h3
Qh4 16. Na2 Bd7 17. Nxb4 Nxb4 18. Qe2 Bd4+ 19. Be3 Bxe3+ 20. Qxe3 Nc2 21. Qd2
Nxa1 22. Rxa1 Qh6 23. Rf1 e5 24. b3 Rxf4 25. Rd1 Rbf8 26. Qe2 Qh4 0-1

[Event "Peter Stuart Memorial Open"]
[Site "Auckland NZL"]
[Date "2018.08.25"]
[Round "2"]
[White "Thornton, Giovanni A"]
[Black "Lim, Benjamin U"]
[Result "0-1"]
[WhiteElo "2131"]
[BlackElo "1901"]
[PlyCount "62"]
[EventDate "2018.08.25"]

1. f4 d5 2. Nf3 c5 3. e3 g6 4. d4 Bg7 5. c3 b6 6. Bd3 e6 7. O-O Ne7 8. Nbd2 O-O
9. Ne5 f6 10. Nef3 Ba6 11. Bxa6 Nxa6 12. Qe2 Nc7 13. b3 cxd4 14. exd4 Nc6 15.
Ba3 Re8 16. Rae1 Qd7 17. Qd3 Rad8 18. Re2 Bf8 19. Bxf8 Kxf8 20. Rfe1 Kg7 21.
Nf1 Qd6 22. g3 Re7 23. Ne3 b5 24. Ng4 b4 25. h4 h5 26. Ne3 bxc3 27. Qxc3 Nb4
28. Kh2 Nb5 29. Qd2 Rc8 30. f5 Nc3 31. fxe6 Ne4 0-1

[Event "Peter Stuart Memorial Open"]
[Site "Auckland NZL"]
[Date "2018.08.25"]
[Round "2"]
[White "Meng, Richard"]
[Black "Isaac, Ceferino"]
[Result "1-0"]
[WhiteElo "1843"]
[BlackElo "1965"]
[PlyCount "47"]
[EventDate "2018.08.25"]

1. c4 Nf6 2. Nc3 e6 3. e4 d6 4. g3 b6 5. Bg2 Bb7 6. Nge2 Nbd7 7. O-O Be7 8. Re1
O-O 9. e5 Nxe5 10. Bxb7 c6 11. Bxa8 Nf3+ 12. Kg2 Qxa8 13. Ng1 Nxe1+ 14. Qxe1
c5+ 15. f3 Re8 16. d3 d5 17. Bf4 Nh5 18. Nh3 h6 19. Nb5 Qc8 20. Nxa7 Qd7 21.
Nb5 d4 22. Qe5 g5 23. Qc7 Nxf4+ 24. gxf4 1-0

[Event "Peter Stuart Memorial Open"]
[Site "Auckland NZL"]
[Date "2018.08.25"]
[Round "2"]
[White "Hair, Philip I"]
[Black "Vickers, Josia"]
[Result "1-0"]
[WhiteElo "1829"]
[BlackElo "1908"]
[PlyCount "53"]
[EventDate "2018.08.25"]

1. e4 c5 2. Nc3 Nc6 3. g3 g6 4. Bg2 Bg7 5. d3 e6 6. Be3 Nd4 7. Nce2 Nxe2 8.
Nxe2 Bxb2 9. Rb1 Qa5+ 10. Bd2 Qxa2 11. Rxb2 Qxb2 12. Bc3 Qb6 13. Bxh8 f6 14.
O-O e5 15. Kh1 d6 16. f4 Kf7 17. Nc3 Be6 18. f5 Bd7 19. Nd5 Qd8 20. fxg6+ hxg6
21. Qf3 f5 22. exf5 gxf5 23. Qh5+ Kf8 24. Bh3 Ne7 25. Bf6 Bc6 26. Bxe7+ Qxe7
27. Qh8+ 1-0

[Event "Peter Stuart Memorial Open"]
[Site "Auckland NZL"]
[Date "2018.08.25"]
[Round "2"]
[White "Zhang, Jasmine Haomo"]
[Black "Liu, Xinyang"]
[Result "1-0"]
[WhiteElo "1907"]
[BlackElo "1694"]
[PlyCount "111"]
[EventDate "2018.08.25"]

1. d4 Nf6 2. c4 g6 3. Nc3 Bg7 4. e4 d6 5. h3 O-O 6. Bg5 a6 7. Qd2 c5 8. d5 Re8
9. O-O-O Nbd7 10. f4 Nh5 11. Nge2 Nb6 12. g4 Nf6 13. Ng3 h6 14. Bh4 Nh7 15. Bd3
Qc7 16. Nge2 Bd7 17. Rdf1 Na4 18. Bg3 Nxc3 19. Nxc3 Rab8 20. Re1 b5 21. e5 dxe5
22. fxe5 b4 23. Nb1 Qa5 24. e6 Rb7 25. exd7 Rxd7 26. Be5 Ng5 27. Qf2 Qxa2 28.
h4 Nh7 29. Bxg7 Kxg7 30. Rhf1 f6 31. h5 gxh5 32. Qf5 Nf8 33. gxh5 Rb8 34. Qg4+
Kf7 35. Rg1 Ke8 36. Bg6+ Kd8 37. Qf4 Kc8 38. Bf5 e6 39. Bxe6 Nxe6 40. Rxe6 Kb7
41. Qe4 f5 42. Qc2 f4 43. d6 Qa5 44. Qe4+ Ka7 45. Qxf4 Qd8 46. Qe5 Rc8 47. Qd5
Qf8 48. Nd2 Kb6 49. Rf1 Qg7 50. Rg6 Qh8 51. Ne4 Qd4 52. Qxd4 cxd4 53. c5+ Kc6
54. Kd2 Kd5 55. Nf6+ Kxc5 56. Nxd7+ 1-0